Poradenstvo a outsourcing

Dvojaké chápanie poradenstva. Poradenstvo a poradcovia v marketingu. Profesionalita poradcov. Kritériá výberu poradcov.

Saved in:
Bibliographic Details
Main Author: Daňo, Ferdinand, 1959-
Other Authors: Hanuláková, Eva, 1964-
Format: Book Chapter
Language:Slovak
Subjects:
Tags: Add Tag
No Tags, Be the first to tag this record!

MARC

LEADER 00000naa a2200000 4500
001 r045267
005 20240502083121.6
041 0 |a slo 
044 |a CZ 
245 1 0 |a Poradenstvo a outsourcing  |c Ferdinand Daňo, Eva Hanuláková 
520 |a Dvojaké chápanie poradenstva. Poradenstvo a poradcovia v marketingu. Profesionalita poradcov. Kritériá výberu poradcov. 
610 2 0 |a poradenstvo 
610 2 0 |a poradcovia 
610 2 0 |a profesiografia 
610 2 0 |a služby poradenské 
610 2 0 |a klienti 
610 2 0 |a outsourcing 
100 1 |a Daňo, Ferdinand, 1959- 
700 1 |a Hanuláková, Eva, 1964-